Kauimpana Lontoosta sijaitsevat valtiot - Statistics

Yleistilastot
  • Tätä visaa on pelattu 1 334 kertaa
  • Keskiarvotulos 14 / 20
Vastaustilastot
km Valtio % Oikein
11 539 Australia
99%
14 870 Uusi-Seelanti
96%
10 176 Chile
79%
14 214 Nauru
79%
14 907 Tuvalu
78%
13 487 Papua-Uusi-Guinea
76%
15 668 Fidži
75%
12 136 Mikronesia
72%
14 579 Salomoninsaaret
72%
15 575 Vanuatu
72%
12 588 Marshallinsaaret
71%
15 727 Samoa
69%
15 998 Tonga
69%
13 487 Kiribati
68%
10 175 Filippiinit
67%
12 111 Palau
66%
13 131 Itä-Timor
63%
10 833 Singapore
58%
11 231 Brunei
49%
10 626 Uruguay
46%
Ehtoja vastaavia visoja ei löytynyt
Tulosjakauma
Jokaisen tuloksen saaneiden osuus
Persentiili vastausten määrän mukaan
Tuloshistoriasi
Et ole pelannut tätä visaa